Tratado general de los sacramentos
Guardat en:
| Autor principal: | |
|---|---|
| Format: | Llibre |
| Idioma: | espanyol |
| Publicat: |
Madrid
Biblioteca de Autores Cristianos
1998
|
| Edició: | 2a. ed |
| Col·lecció: | Sapientia Fidei. Serie de Manuales de Teología, 4
|
| Matèries: | |
| Etiquetes: |
Afegir etiqueta
Sense etiquetes, Sigues el primer a etiquetar aquest registre!
|
MARC
| LEADER | 00000nam a2200000 a 4500 | ||
|---|---|---|---|
| 001 | UCL3140 | ||
| 003 | CL-VaPUC | ||
| 008 | 031114e19980000SP |||||||||||||||||spa|d | ||
| 020 | |a 8479141298 | ||
| 082 | 0 | 4 | |a 234.16 |b ARN |2 21 |
| 100 | 0 | |a Arnau-García, Ramón |e author |9 480376 | |
| 245 | 1 | 0 | |a Tratado general de los sacramentos |
| 250 | |a 2a. ed | ||
| 300 | |a 372 p | ||
| 942 | |c BK | ||
| 945 | |d 20031114 00:00:00 |a cmena | ||
| 260 | |a Madrid |b Biblioteca de Autores Cristianos |c 1998 | ||
| 650 | 0 | |a Sacramentos |9 257270 | |
| 650 | 0 | |a Teología cristiana |9 308336 | |
| 650 | 7 | |a GRACIA |2 CL-VaPUC |9 315234 | |
| 583 | |a last modification |c 20031114 00:00:00 |k Rodrigo Vera | ||
| 490 | 0 | |a Sapientia Fidei. Serie de Manuales de Teología, 4 | |
| 999 | |c 306267 |d 306265 | ||
| 952 | |0 0 |1 0 |4 0 |6 234_160000000000000_ARN_1998 |7 0 |8 A |9 371170 |a BIBTEO |b BIBTEO |d 2019-11-21 |i 3959147 |l 3 |m 2 |o 234.16 ARN 1998 |p 3959147 |r 2025-03-07 |s 2025-03-03 |w 2019-11-21 |y BK |k ICR | ||